UK Towns Quiz - Stirling - Scotland - Statistics

General Stats
  • This quiz has been taken 54 times
  • The average score is 6 of 12
Answer Stats
Clue Town Population % Correct
S Stirling 38,587
100%
B Bridge of Allan 4,744
79%
D Dunblane 8,798
79%
B Bannockburn 6,597
61%
C Callander 3,156
55%
D Doune 2,184
52%
F Fallin 2,776
45%
C Cowie 2,706
42%
B Balfron 1,981
30%
P Plean 1,939
27%
K Killearn 1,805
21%
S Strathblane 1,887
21%
No matching quizzes found
Score Distribution
Percent of People with Each Score
Percentile by Number Answered
Your Score History
You have not taken this quiz